000 00299nam a22001217a 4500
008 160510b xxu||||| |||| 00| 0 eng d
020 _a9780073374604
020 _a9780073374604
041 _aeng
080 _a61
245 _aComputers in the medical office:
_cSusan M. sanderson;
942 _2udc
_cBK
999 _c1999
_d1999